[Event "Batumi"]
[Site "Batumi GEO"]
[Date "2001.06.28"]
[EventDate "2001.06.26"]
[Round "3"]
[Result "1-0"]
[White "Mikheil Kantaria"]
[Black "Lilit Mkrtchian"]
[WhiteElo "2104"]
[BlackElo "2344"]
[PlyCount "63"]

1. d4 d5 2. c4 e6 3. Nc3 Be7 4. Nf3 Nf6 5. Bg5 h6 6. Bh4 O-O
7. e3 b6 8. Bd3 Bb7 9. O-O Nbd7 10. Qe2 a6 11. Rfd1 dxc4
12. Bxc4 b5 13. Bb3 Ne4 14. Bg3 Nxg3 15. hxg3 c5 16. d5 exd5
17. Bxd5 Qc7 18. a4 Bf6 19. Ne4 c4 20. Nh2 Be7 21. Rac1 Bxd5
22. Rxd5 Nb6 23. Rh5 Nxa4 24. Ng4 Qc6 25. Qf3 Rac8 26. Rd1
Nxb2 27. Rd6 f5 28. Nxh6+ gxh6 29. Rhxh6 Bxd6 30. Qh5 Be5
31. Ng5 Qd7 32. Rg6+ 1-0

[Event "Batumi"]
[Site "Batumi GEO"]
[Date "2001.06.29"]
[EventDate "2001.06.26"]
[Round "4"]
[Result "1-0"]
[White "Lilit Mkrtchian"]
[Black "Tamar Balkhamishvili"]
[WhiteElo "2344"]
[BlackElo "2120"]
[PlyCount "89"]

1. e4 c5 2. Nf3 e6 3. d4 cxd4 4. Nxd4 Nf6 5. Nc3 d6 6. Be2 Be7
7. O-O O-O 8. f4 Nc6 9. Be3 Qc7 10. Kh1 a6 11. a4 Bd7 12. Nb3
b6 13. Bf3 Rab8 14. g4 Bc8 15. g5 Nd7 16. Bg2 Re8 17. Rf3 Bf8
18. Rh3 g6 19. Qe1 Bb7 20. Rd1 Nb4 21. Rd2 d5 22. Qh4 h6
23. gxh6 Kh7 24. Nd4 e5 25. fxe5 Nxe5 26. Bf4 dxe4 27. Nxe4
Bxe4 28. Bxe4 Qc4 29. Kg2 Nd5 30. b3 Nxf4+ 31. Qxf4 Qc7
32. Nf3 Qe7 33. Nxe5 Qxe5 34. Qxf7+ Kh8 35. Re2 Bd6 36. Rg3
Rg8 37. Bd3 Qd4 38. Re4 Qc3 39. Rge3 Rbf8 40. Qd5 Qd2+ 41. Re2
Qd1 42. Qd4+ Kh7 43. Re7+ Bxe7 44. Rxe7+ Kxh6 45. Qe3+ 1-0

[Event "Batumi"]
[Site "Batumi GEO"]
[Date "2001.06.30"]
[EventDate "2001.06.26"]
[Round "5"]
[Result "0-1"]
[White "Kartlos Rukhaia"]
[Black "Lilit Mkrtchian"]
[WhiteElo "2191"]
[BlackElo "2344"]
[PlyCount "71"]

1. e4 e6 2. Nf3 d5 3. e5 c5 4. b4 b6 5. bxc5 bxc5 6. c3 Qa5
7. Be2 Nc6 8. O-O Nge7 9. d4 Ba6 10. Ba3 Ng6 11. Bxa6 Qxa6
12. Re1 Rb8 13. Qd2 Be7 14. c4 dxc4 15. Bxc5 Bxc5 16. dxc5 O-O
17. Nc3 Rfd8 18. Qg5 Qa5 19. Ne4 Rd5 20. Red1 h6 21. Qg3 Qxa2
22. Re1 Qb2 23. h4 Ncxe5 24. h5 Nxf3+ 25. Qxf3 Rb3 26. Qg4 Ne5
27. Qf4 Nd3 28. Qg4 Nxe1 29. Rxa7 Rb8 30. c6 Rc8 31. Re7 Nd3
32. Rxf7 Kxf7 33. Qg6+ Kf8 34. g4 Qa1+ 35. Kh2 Qe5+ 36. Kg1
0-1

[Event "Batumi"]
[Site "Batumi GEO"]
[Date "2001.07.02"]
[EventDate "2001.06.26"]
[Round "6"]
[Result "1/2-1/2"]
[White "Lilit Mkrtchian"]
[Black "Teona Odisharia"]
[WhiteElo "2344"]
[BlackElo "2148"]
[PlyCount "138"]

1. e4 c5 2. Nf3 Nc6 3. d4 cxd4 4. Nxd4 Nf6 5. Nc3 e5 6. Ndb5
d6 7. Bg5 a6 8. Na3 b5 9. Nd5 Qa5+ 10. Bd2 Qd8 11. Bg5 Qa5+
12. Bd2 Qd8 13. c4 Nxe4 14. cxb5 Be6 15. Bc4 Ne7 16. O-O Bxd5
17. Ba5 Qxa5 18. Bxd5 Rd8 19. Bxe4 d5 20. Bc2 Nc8 21. bxa6 Nb6
22. Qe2 Bxa3 23. Qxe5+ Kf8 24. bxa3 Nc4 25. Qd4 Nxa3 26. Bd3
h5 27. Rac1 Rh6 28. Rfd1 Kg8 29. h4 Rhd6 30. g3 g6 31. Bf1 Kh7
32. Bd3 Nc4 33. Qf4 Qxa6 34. Qxf7+ Kh6 35. Qf4+ Kg7 36. Re1
Qa7 37. Bxc4 Rf6 38. Qe3 Qxe3 39. Rxe3 dxc4 40. Rxc4 Rd1+
41. Kg2 Rd2 42. Rc7+ Kf8 43. Rc8+ Kf7 44. Rc7+ Kf8 45. Rf3
Rxf3 46. Kxf3 Rxa2 47. Ke3 Ra4 48. Rd7 Rb4 49. f3 Ra4 50. Rd4
Ra5 51. Rd7 Ra4 52. Rd4 Ra5 53. Ke4 Ke7 54. Kf4 Rf5+ 55. Ke3
Ra5 56. Ke4 Ke6 57. Rb4 Re5+ 58. Kf4 Rf5+ 59. Ke3 Ra5 60. Rb6+
Kf5 61. Rd6 Ra3+ 62. Rd3 Ra5 63. Rb3 Re5+ 64. Kd4 Re1 65. Rb5+
Kf6 66. Rg5 Ra1 67. Rc5 Rg1 68. Rg5 Ra1 69. g4 Rh1 1/2-1/2

[Event "Batumi"]
[Site "Batumi GEO"]
[Date "2001.07.04"]
[EventDate "2001.06.26"]
[Round "8"]
[Result "1-0"]
[White "Lilit Mkrtchian"]
[Black "Nana Dzagnidze"]
[WhiteElo "2344"]
[BlackElo "2241"]
[PlyCount "119"]

1. e4 c5 2. Nf3 d6 3. c3 Nf6 4. Be2 g6 5. O-O Bg7 6. Re1 O-O
7. Bf1 Nc6 8. a3 e5 9. b4 Qc7 10. Bb2 b6 11. b5 Nd8 12. d4 Bb7
13. Nbd2 Ne6 14. a4 Rfe8 15. dxe5 dxe5 16. Qc2 Rad8 17. a5 Bh6
18. axb6 axb6 19. Nc4 Ng5 20. Nxg5 Bxg5 21. f3 Re7 22. Red1
Rxd1 23. Rxd1 Rd7 24. g3 Bc8 25. Kf2 Rxd1 26. Qxd1 Be6 27. Qd6
Qa7 28. Qxe5 Qa2 29. Qxg5 Bxc4 30. Qd2 Bxf1 31. Kxf1 c4
32. Bc1 Qb1 33. Qb2 Qxb2 34. Bxb2 Ne8 35. Ke2 Nc7 36. Ke3 Nxb5
37. e5 Kf8 38. Ke4 Nc7 39. Kd4 Ke7 40. Kxc4 Ke6 41. Kd4 Na6
42. Ba3 Nb8 43. Ke4 Nc6 44. f4 h5 45. h3 Na5 46. g4 hxg4
47. hxg4 Nc4 48. Bc1 Na5 49. f5+ gxf5+ 50. gxf5+ Kd7 51. Kd5
Nb3 52. Bf4 b5 53. Be3 Na5 54. Kc5 Nc6 55. e6+ fxe6 56. fxe6+
Kc7 57. Bf4+ Kb7 58. Bg5 Kc7 59. e7 Kd7 60. e8=Q+ 1-0

[Event "Batumi"]
[Site "Batumi GEO"]
[Date "2001.07.05"]
[EventDate "2001.06.26"]
[Round "9"]
[Result "1/2-1/2"]
[White "Baatr Shovunov"]
[Black "Lilit Mkrtchian"]
[WhiteElo "2367"]
[BlackElo "2344"]
[PlyCount "108"]

1. e4 e6 2. d4 d5 3. e5 c5 4. c3 Nc6 5. Nf3 Nh6 6. a3 a5
7. Bd3 cxd4 8. cxd4 Nf5 9. Bxf5 exf5 10. Nc3 Be6 11. Qb3 Qc7
12. O-O h6 13. Be3 Be7 14. Ne1 a4 15. Nxa4 f4 16. Bxf4 Nxd4
17. Qd1 Qc4 18. Nc3 Nb3 19. Rb1 Bf5 20. Nf3 d4 21. Na2 O-O
22. Rc1 Nxc1 23. Nxc1 d3 24. Be3 Rfd8 25. Nb3 Rd5 26. Nfd2 Qc2
27. f4 Qxd1 28. Rxd1 Rc8 29. h3 Bd7 30. Nd4 Bc5 31. N2f3 Bxd4
32. Bxd4 Bf5 33. Bc3 h5 34. Nd4 Be4 35. Kf2 Rc4 36. Ke3 Bxg2
37. Kxd3 Rc8 38. h4 Bh3 39. Rg1 Bg4 40. Ke4 Rdc5 41. Kd3 g6
42. a4 Rc4 43. a5 Ra4 44. Ke3 Rc5 45. Rf1 Rd5 46. Rc1 Rc4
47. Ra1 Bc8 48. Ra3 Kf8 49. Rb3 Ra4 50. Nb5 Be6 51. Bb4+ Kg8
52. Nc3 Rdxa5 53. Bxa5 Bxb3 54. Nxa4 Bxa4 1/2-1/2

[Event "WJun Women"]
[Site "Athens GRE"]
[Date "2001.08.16"]
[EventDate "2001.08.16"]
[Round "1"]
[Result "0-1"]
[White "Ioulia Makka"]
[Black "Lilit Mkrtchian"]
[WhiteElo "2123"]
[BlackElo "2376"]
[PlyCount "114"]

1. e4 e6 2. d4 d5 3. Nc3 Nf6 4. exd5 exd5 5. Bd3 c6 6. Nge2
Bd6 7. Bg5 O-O 8. Qd2 Re8 9. O-O Bg4 10. Ng3 Nbd7 11. Bf4 Bf8
12. h3 Bh5 13. Nxh5 Nxh5 14. Bh2 g6 15. Be2 Nhf6 16. Rae1 Ne4
17. Nxe4 dxe4 18. Bf4 Nb6 19. c4 Qd7 20. Be3 Rad8 21. a3 f5
22. Rd1 Qf7 23. Rc1 Bg7 24. Rfd1 Kh8 25. d5 cxd5 26. Bxb6 axb6
27. cxd5 f4 28. Bb5 Re5 29. Bc4 f3 30. g3 Qd7 31. g4 h5
32. Qf4 g5 33. Qg3 h4 34. Qh2 Ree8 35. Rc2 Be5 36. Qh1 Qd6
37. a4 Rf8 38. b3 Bf4 39. Kf1 Qe5 40. Qg1 Bh2 41. Qh1 Rd6
42. Ra2 Bf4 43. Re1 Qd4 44. Raa1 Re8 45. Red1 Qc3 46. Re1 Rdd8
47. Ra2 Rc8 48. Raa1 Rxc4 49. bxc4 Qxc4+ 50. Kg1 Qxd5 51. Rad1
Qc4 52. Ra1 Rd8 53. Reb1 Rd2 54. Rf1 Qd4 55. Rac1 Bg3 56. Rc8+
Kg7 57. Re8 Bxf2+ 0-1

[Event "WJun Women"]
[Site "Athens GRE"]
[Date "2001.08.17"]
[EventDate "2001.08.16"]
[Round "2"]
[Result "1/2-1/2"]
[White "Lilit Mkrtchian"]
[Black "Inga Charkhalashvili"]
[WhiteElo "2376"]
[BlackElo "2278"]
[PlyCount "36"]

1. e4 c6 2. d4 d5 3. Nd2 dxe4 4. Nxe4 Nf6 5. Nxf6+ exf6 6. c3
Bd6 7. Bd3 O-O 8. Qc2 h6 9. Ne2 Qc7 10. Be3 Be6 11. Ng3 Nd7
12. O-O c5 13. dxc5 Nxc5 14. Bh7+ Kh8 15. Bf5 Rfe8 16. Rfd1
Rad8 17. c4 a5 18. b3 b6 1/2-1/2

[Event "WJun Women"]
[Site "Athens GRE"]
[Date "2001.08.18"]
[EventDate "2001.08.16"]
[Round "3"]
[Result "1/2-1/2"]
[White "Nataliya Hryhorenko"]
[Black "Lilit Mkrtchian"]
[WhiteElo "2128"]
[BlackElo "2376"]
[PlyCount "56"]

1. d4 d5 2. Nf3 Nf6 3. Bf4 c5 4. e3 Qb6 5. Nc3 c4 6. Rb1 Bg4
7. Be2 e6 8. a3 Nc6 9. h3 Bxf3 10. Bxf3 Be7 11. O-O O-O
12. Re1 Rfd8 13. Ne2 Rd7 14. c3 Qd8 15. Ng3 b5 16. Qe2 a5
17. e4 Bf8 18. Bg5 h6 19. Bxf6 Qxf6 20. exd5 exd5 21. Bg4 Rdd8
22. Qf3 Qg5 23. Qf5 b4 24. Qxg5 hxg5 25. axb4 axb4 26. Ra1 b3
27. Bf3 Ne7 28. Nf1 Rxa1 1/2-1/2

[Event "WJun Women"]
[Site "Athens GRE"]
[Date "2001.08.19"]
[EventDate "2001.08.16"]
[Round "4"]
[Result "1-0"]
[White "Lilit Mkrtchian"]
[Black "Evelyn Moncayo Romero"]
[WhiteElo "2376"]
[BlackElo "2220"]
[PlyCount "65"]

1. e4 c5 2. Nf3 d6 3. c3 Nf6 4. Be2 Nbd7 5. d3 b6 6. O-O Bb7
7. Nbd2 g6 8. Re1 Bg7 9. Bf1 O-O 10. d4 cxd4 11. cxd4 d5
12. e5 Ne8 13. Bd3 Nc7 14. Nf1 Ne6 15. h4 f5 16. exf6 Rxf6
17. N1h2 Nf4 18. Bc2 Rc8 19. Ng4 Rfc6 20. Ba4 Rxc1 21. Rxc1
Rxc1 22. Qxc1 Nd3 23. Qe3 Nxe1 24. Qe6+ Kh8 25. Ng5 Qb8
26. Nf7+ Kg8 27. Nfe5+ Kh8 28. Nf7+ Kg8 29. Ng5+ Kh8 30. Bxd7
Nc2 31. Nf7+ Kg8 32. Nd8+ Kh8 33. Qxe7 1-0

[Event "WJun Women"]
[Site "Athens GRE"]
[Date "2001.08.20"]
[EventDate "2001.08.16"]
[Round "5"]
[Result "0-1"]
[White "Meenakshi Subbaraman"]
[Black "Lilit Mkrtchian"]
[WhiteElo "2245"]
[BlackElo "2376"]
[PlyCount "208"]

1. d4 d5 2. c4 e6 3. Nc3 Be7 4. cxd5 exd5 5. Bf4 c6 6. e3 Bd6
7. Bxd6 Qxd6 8. Qc2 Ne7 9. Bd3 g6 10. Nf3 Bf5 11. O-O O-O
12. Rae1 Na6 13. a3 Nc7 14. e4 dxe4 15. Nxe4 Bxe4 16. Rxe4 Ne6
17. Rfe1 Nf5 18. Rd1 Nexd4 19. Nxd4 Nxd4 20. Qc3 c5 21. Rde1
Rad8 22. Bb1 Rd7 23. h4 h5 24. Qe3 Kg7 25. Re5 Rh8 26. Ba2
Rhd8 27. Rd5 Qf6 28. Rxc5 Qxh4 29. Re5 Nc2 30. Qe4 Qxe4
31. R1xe4 Nd4 32. Re7 Nc6 33. Rxd7 Rxd7 34. Re2 a5 35. Bc4 Kf8
36. Kf1 Rd1+ 37. Re1 Rxe1+ 38. Kxe1 b6 39. Kd2 Ne5 40. Be2 Ke7
41. Kc3 h4 42. b4 Kd6 43. bxa5 bxa5 44. Kd4 g5 45. Ke4 Ke6
46. f4 f5+ 47. Ke3 Ng4+ 48. Kf3 Nh2+ 49. Ke3 Ng4+ 50. Kf3 Nh2+
51. Ke3 g4 52. Bc4+ Kf6 53. a4 g3 54. Bb5 Ng4+ 55. Kf3 Nf2
56. Ke3 Ne4 57. Kf3 Nd2+ 58. Ke3 Ne4 59. Kf3 Nd6 60. Bc6 Ke7
61. Ke3 Kd8 62. Bf3 Nc4+ 63. Ke2 Kc7 64. Bd5 Nd6 65. Kf3 Kb6
66. Be6 Kc5 67. Ke3 Kb4 68. Bd7 Kc3 69. Be6 Kb4 70. Bd7 Kb3
71. Kf3 Kc4 72. Ke3 Kd5 73. Kf3 Kd4 74. Be6 Kd3 75. Bd7 Kd2
76. Bb5 Kd1 77. Bd3 Kd2 78. Bb5 Kd1 79. Be2+ Ke1 80. Bd3 Ne4
81. Bxe4 fxe4+ 82. Kg4 e3 83. f5 e2 84. f6 Kf2 85. f7 e1=Q
86. f8=Q Kxg2 87. Kxh4 Qe4+ 88. Kg5 Qxa4 89. Qc5 Kh2 90. Qe5
Qb4 91. Qh8+ Kg1 92. Qa1+ Kf2 93. Qf6+ Kg2 94. Qc6+ Kh2
95. Qc2+ g2 96. Qc7+ Kh1 97. Qh7+ Kg1 98. Qa7+ Kf1 99. Qf7+
Ke2 100. Qe6+ Kd1 101. Kf5 g1=Q 102. Qd5+ Qgd4 103. Qh1+ Kc2
104. Qg2+ Kc3 0-1

[Event "WJun Women"]
[Site "Athens GRE"]
[Date "2001.08.27"]
[EventDate "2001.08.16"]
[Round "11"]
[Result "0-1"]
[White "Xu Yuanyuan"]
[Black "Lilit Mkrtchian"]
[WhiteElo "2431"]
[BlackElo "2376"]
[PlyCount "70"]

1. d4 d5 2. c4 e6 3. Nc3 Be7 4. Nf3 Nf6 5. Bg5 h6 6. Bh4 O-O
7. e3 b6 8. Rb1 Bb7 9. Bxf6 Bxf6 10. cxd5 exd5 11. b4 c6
12. Qb3 Re8 13. Be2 Qd6 14. O-O Nd7 15. Rfd1 a5 16. b5 c5
17. dxc5 Nxc5 18. Qa3 Rad8 19. Nd4 Be5 20. h3 Qf6 21. Bf3 Ne4
22. Rbc1 Bd6 23. Qb3 Qe5 24. Nc6 Bxc6 25. bxc6 Nxf2 26. Nxd5
Qg3 27. Bg4 Ne4 28. Nf4 Bc5 29. Rxc5 Rxd1+ 30. Bxd1 Nxc5
31. Qc3 Rxe3 32. c7 Re1+ 33. Qxe1 Qxe1+ 34. Kh2 Qe8 35. Nd5
Kf8 0-1

[Event "WJun Women"]
[Site "Athens GRE"]
[Date "2001.08.28"]
[EventDate "2001.08.16"]
[Round "12"]
[Result "0-1"]
[White "Lilit Mkrtchian"]
[Black "Zhao Xue"]
[WhiteElo "2376"]
[BlackElo "2372"]
[PlyCount "112"]

1. e4 c5 2. Nf3 d6 3. c3 Nf6 4. Be2 Nbd7 5. d3 b6 6. O-O Bb7
7. Nbd2 e6 8. Re1 Be7 9. Bf1 O-O 10. d4 cxd4 11. cxd4 e5
12. d5 Rc8 13. Nb1 Nh5 14. Nc3 g6 15. Bh6 Ng7 16. Qe2 Nf6
17. Rac1 a6 18. a4 Ng4 19. Bxg7 Kxg7 20. h3 Nh6 21. Na2 Qd7
22. b3 f5 23. exf5 Nxf5 24. Qd2 Rc5 25. Rxc5 bxc5 26. Bc4 Nd4
27. Nxd4 cxd4 28. Nb4 Qc8 29. Nd3 Qf5 30. Qe2 Bd8 31. b4 Qf7
32. Qa2 a5 33. b5 Bc8 34. Nc1 Bh4 35. Re2 Qf6 36. Qc2 Bf5
37. Bd3 Rc8 38. Bxf5 Rxc2 39. Bxc2 Qf7 40. Be4 Bg5 41. Nd3 Qc7
42. Rb2 Bd8 43. Kf1 Qc8 44. Rb1 Qc2 45. Ra1 Bb6 46. Kg1 Kf7
47. Kf1 Ke7 48. Kg1 Qe2 49. f3 Qc2 50. Kh2 Qc3 51. Ra2 Bc5
52. Rb2 Bb6 53. Ra2 Kd7 54. h4 Kd8 55. Kg3 Bc5 56. Kg4 Ba3 0-1

[Event "FIDE Women's World Championship"]
[Site "Elista RUS"]
[Date "2004.05.23"]
[EventDate "2004.05.22"]
[Round "1.2"]
[Result "0-1"]
[White "Monika (Bobrowska) Socko"]
[Black "Lilit Mkrtchian"]
[WhiteElo "2408"]
[BlackElo "2387"]
[PlyCount "100"]

1. d4 Nf6 2. c4 e6 3. Nc3 Bb4 4. e3 c5 5. Nge2 cxd4 6. exd4 d5
7. c5 Ne4 8. Bd2 Nxd2 9. Qxd2 a5 10. a3 Bxc3 11. Nxc3 a4
12. Bd3 Bd7 13. O-O b6 14. cxb6 Qxb6 15. Rfe1 O-O 16. Bc2 g6
17. h4 Rc8 18. Re3 Rc4 19. Rd3 Nc6 20. Rd1 h5 21. Qf4 Qxb2
22. Rf3 Ne5 23. Qxe5 Qxc2 24. Rdd3 Rac8 25. Ne2 Qb1+ 26. Kh2
Qb8 27. Qxb8 Rxb8 28. Nf4 Rb2 29. Nh3 Kg7 30. Kg3 Rbc2
31. Rfe3 Bb5 32. Rf3 Rc7 33. Rde3 Re2 34. Ng5 Rxe3 35. fxe3
Bd3 36. Kf4 Bf5 37. e4 dxe4 38. Nxe4 Rc4 39. Ke5 Rc2 40. Nc5
Rxg2 41. Nxa4 Re2+ 42. Kd6 Re4 43. Nc5 Rxd4+ 44. Ke7 Rxh4
45. a4 Rh3 46. Rxh3 Bxh3 47. Kd6 Bg2 48. Ke5 g5 49. Kd4 h4
50. Ke3 Bc6 0-1

[Event "FIDE Women's World Championship"]
[Site "Elista RUS"]
[Date "2004.05.23"]
[EventDate "2004.05.22"]
[Round "1.6"]
[Result "1/2-1/2"]
[White "Monika (Bobrowska) Socko"]
[Black "Lilit Mkrtchian"]
[WhiteElo "2408"]
[BlackElo "2387"]
[PlyCount "76"]

1. d4 Nf6 2. c4 e6 3. Nc3 Bb4 4. e3 c5 5. Nge2 cxd4 6. exd4 d5
7. c5 Ne4 8. Bd2 Nxd2 9. Qxd2 a5 10. a3 Bxc3 11. Nxc3 a4
12. Bd3 Bd7 13. O-O b6 14. cxb6 Qxb6 15. Rfe1 O-O 16. Bc2 g6
17. Re3 Nc6 18. Rd1 Na5 19. Rh3 f5 20. Bxa4 Nc4 21. Qh6 Rf7
22. Bxd7 Rxd7 23. b4 Rxa3 24. b5 Qa5 25. Rc1 Ra1 26. Rd3 Nb2
27. Rg3 Rg7 28. Qe3 Re7 29. Qe1 Rxc1 30. Qxc1 Qb4 31. h4 Rc7
32. Qe3 Qd6 33. Ne2 Nc4 34. Qh6 Qf8 35. Qf4 Qd6 36. Qh6 Qf8
37. Qf4 Qd6 38. Qh6 Qf8 1/2-1/2

[Event "7th European Individual Championship: Women"]
[Site "Kusadasi TUR"]
[Date "2006.04.14"]
[EventDate "2006.04.04"]
[Round "10"]
[Result "0-1"]
[White "Irina Chelushkina"]
[Black "Lilit Mkrtchian"]
[WhiteElo "2312"]
[BlackElo "2453"]
[PlyCount "166"]

1. g3 d5 2. Nf3 c6 3. Bg2 Bg4 4. Ne5 Bf5 5. d4 e6 6. Nd2 Nf6
7. O-O Nbd7 8. c4 Be7 9. Qb3 Qb6 10. Nxd7 Nxd7 11. cxd5 exd5
12. Qf3 Be6 13. Qd3 O-O 14. Nf3 Nf6 15. Bg5 Rfe8 16. Rab1 Ne4
17. Bxe7 Rxe7 18. Nh4 Nd6 19. b3 g5 20. Nf3 Bf5 21. Qd2 f6
22. Rbc1 Rae8 23. e3 Qd8 24. Qb2 Be4 25. Qe2 Qd7 26. Ne1 Bf5
27. Qd1 Bg6 28. Bf3 Rf8 29. Nd3 Qe8 30. Bg2 h5 31. a4 Be4
32. Ne1 Bf5 33. Bf3 Rh7 34. Ng2 Bh3 35. Re1 Kh8 36. Be2 Bf5
37. Bd3 Bxd3 38. Qxd3 h4 39. gxh4 Rg8 40. Kh1 Ne4 41. Qe2 gxh4
42. Nf4 h3 43. Rg1 Nxf2+ 44. Qxf2 Qe4+ 45. Ng2 hxg2+ 46. Rxg2
Rhg7 47. Rcg1 Rxg2 48. Rxg2 Rxg2 49. Qxg2 Qxe3 50. Qb2 Qf3+
51. Kg1 Kg7 52. b4 Qd1+ 53. Kf2 Qxa4 54. Ke1 a5 55. bxa5 Qxa5+
56. Kf2 b5 57. Qe2 Kf8 58. Qc2 Qb4 59. Qxc6 Qxd4+ 60. Kg2 b4
61. Qd6+ Kf7 62. Qd7+ Kg6 63. Qe8+ Kg5 64. Qg8+ Kf4 65. Qg3+
Kf5 66. Qf3+ Kg5 67. h4+ Kxh4 68. Qh3+ Kg5 69. Qh8 Qe4+
70. Kf1 Qf3+ 71. Ke1 b3 72. Qg7+ Kf5 73. Qh7+ Kf4 74. Qc7+ Kg4
75. Qg7+ Kh3 76. Qh6+ Kg2 77. Qd2+ Kg3 78. Qd3 f5 79. Qa6 Qe3+
80. Kd1 Qg1+ 81. Kd2 Qf2+ 82. Kd1 Qc2+ 83. Ke1 Qc1+ 0-1

[Event "World Junior Championship"]
[Site "Yerevan ARM"]
[Date "2006.10.03"]
[EventDate "2006.10.03"]
[Round "1"]
[Result "1-0"]
[White "Anton Filippov"]
[Black "Simon Mkrtchian"]
[WhiteElo "2501"]
[BlackElo "2291"]
[PlyCount "65"]

1. e4 c5 2. Nf3 Nc6 3. d4 cxd4 4. Nxd4 Nf6 5. Nc3 d6 6. Be2 e6
7. O-O Be7 8. Kh1 O-O 9. f4 a6 10. a4 Qc7 11. Be3 Nxd4
12. Qxd4 e5 13. Qd2 exf4 14. Bd4 Be6 15. Qxf4 Nd7 16. Qg3 Ne5
17. Rad1 Rfe8 18. b3 Rad8 19. Nd5 Bxd5 20. exd5 Bf8 21. c4 g6
22. Qf2 Rd7 23. b4 Bg7 24. Bb6 Qb8 25. c5 h5 26. a5 dxc5
27. bxc5 Ng4 28. Bxg4 hxg4 29. c6 bxc6 30. dxc6 Rde7 31. Bc5
Be5 32. Bxe7 Rxe7 33. Qb6 1-0

[Event "World Junior Championship"]
[Site "Yerevan ARM"]
[Date "2006.10.04"]
[EventDate "2006.10.03"]
[Round "2"]
[Result "1/2-1/2"]
[White "Simon Mkrtchian"]
[Black "Baris Esen"]
[WhiteElo "2291"]
[BlackElo "2464"]
[PlyCount "95"]

1. e4 c5 2. Nf3 d6 3. d4 cxd4 4. Nxd4 Nf6 5. Nc3 a6 6. g3 e5
7. Nde2 Nbd7 8. Bg2 b5 9. h3 Bb7 10. g4 Nc5 11. Ng3 g6 12. a3
Rc8 13. O-O Ne6 14. Be3 h5 15. Nd5 Nxd5 16. exd5 Nf4 17. Bxf4
exf4 18. Qd4 Rh7 19. Nxh5 Be7 20. Nxf4 Rxc2 21. Rac1 Rc7
22. Nd3 Bf6 23. Rfe1+ Kf8 24. Qxf6 Qxf6 25. Rxc7 Qd4 26. Nb4
a5 27. Nc6 Bxc6 28. dxc6 Kg7 29. Rce7 Qxb2 30. c7 Qc3 31. Bd5
Kf6 32. R1e3 Qc5 33. Bb7 Rh8 34. Rd7 b4 35. axb4 axb4 36. c8=Q
Rxc8 37. Bxc8 Qxc8 38. Rxd6+ Kg5 39. Rdd3 Qc4 40. Kg2 Qc6+
41. Rf3 Kh4 42. Rd8 Qb7 43. Rdd3 Qe4 44. Kg1 Qc4 45. Kg2 Qc1
46. Kh2 Qc7+ 47. Kg2 Qc5 48. Rde3 1/2-1/2

[Event "World Junior Championship"]
[Site "Yerevan ARM"]
[Date "2006.10.07"]
[EventDate "2006.10.03"]
[Round "5"]
[Result "1-0"]
[White "Samy Shoker"]
[Black "Simon Mkrtchian"]
[WhiteElo "2398"]
[BlackElo "2291"]
[PlyCount "137"]

1. g3 f5 2. Bg2 Nf6 3. c4 g6 4. Nc3 Bg7 5. d3 Nc6 6. e4 fxe4
7. dxe4 d6 8. Nge2 O-O 9. O-O e5 10. h3 Be6 11. Nd5 Qd7
12. Kh2 Nd8 13. Qd3 c6 14. Ndc3 Nf7 15. b3 a6 16. a4 a5
17. Ba3 Qe7 18. Rad1 Rfd8 19. Nc1 Qc7 20. Qc2 Nd7 21. Nd3 b6
22. Rd2 Nc5 23. Bb2 Rf8 24. Re2 Rae8 25. Bc1 Bc8 26. Kg1 Nd8
27. Nxc5 bxc5 28. Rd2 Ne6 29. Qd1 Nd4 30. Ne2 Bd7 31. Rd3 Rb8
32. Bd2 Rb7 33. Nc1 Rfb8 34. Kh2 Be6 35. Re1 Bf6 36. Rf1 Qd8
37. Re1 Bg5 38. f4 exf4 39. gxf4 Bh4 40. Rf1 d5 41. cxd5 cxd5
42. exd5 Bxd5 43. Bxa5 Qd6 44. Rxd4 cxd4 45. Qxd4 Rd7 46. Rd1
Bxg2 47. Qxd6 Rxd6 48. Rxd6 Be4 49. Rd4 Bf5 50. Bc3 Rc8
51. Rc4 Re8 52. Bd2 Rd8 53. Be3 Re8 54. Bg1 Rd8 55. Be3 Re8
56. Bb6 Re1 57. a5 Be4 58. Bg1 g5 59. f5 h5 60. a6 g4 61. hxg4
Bg5 62. a7 Bf4+ 63. Kh3 hxg4+ 64. Kxg4 Bxc1 65. Bf2 Re2
66. Rc8+ Kf7 67. Rc7+ Kg8 68. Re7 Rxf2 69. Rxe4 1-0

[Event "17th European Team Championship (Women)"]
[Site "Novi Sad SRB"]
[Date "2009.10.23"]
[EventDate "2009.10.22"]
[Round "2"]
[Result "0-1"]
[White "Ana Srebrnic"]
[Black "Lilit Galojan"]
[WhiteElo "2237"]
[BlackElo "2326"]
[PlyCount "94"]

1. c4 Nf6 2. Nc3 c5 3. e4 d6 4. g3 Nc6 5. Bg2 g6 6. d3 Bg7
7. Nge2 O-O 8. O-O Nh5 9. Be3 Nd4 10. Rb1 Bd7 11. b4 Nxe2+
12. Nxe2 b5 13. h3 e5 14. g4 Nf6 15. f4 exf4 16. Bxf4 Ne8
17. Qd2 Rc8 18. Bg5 f6 19. Bh4 Bc6 20. Nc3 Rc7 21. Nd5 Rcf7
22. a4 Bxd5 23. exd5 Qd7 24. a5 f5 25. bxc5 bxc4 26. Bf3 Be5
27. a6 Qc8 28. Qa5 Ng7 29. gxf5 Qxf5 30. Be4 Qxf1+ 31. Rxf1
Rxf1+ 32. Kg2 Ne8 33. Qd8 Ng7 34. Qc7 R1f7 35. Qc6 Nf5
36. Bxf5 Rxf5 37. Qb7 R8f7 38. Qc8+ Kg7 39. Qe6 Rf3 40. Qg4
Rxd3 41. Be1 Ra3 42. Qe2 Rxa6 43. h4 h5 44. Bd2 Ra3 45. Be3
Rb3 46. Qe1 Rb2+ 47. Kh1 Rc2 0-1

[Event "17th European Team Championship (Women)"]
[Site "Novi Sad SRB"]
[Date "2009.10.25"]
[EventDate "2009.10.22"]
[Round "4"]
[Result "1/2-1/2"]
[White "Lilit Mkrtchian"]
[Black "Sopiko Khukhashvili"]
[WhiteElo "2469"]
[BlackElo "2451"]
[PlyCount "38"]

1. Nf3 Nf6 2. c4 e6 3. g3 a6 4. Bg2 b5 5. b3 c5 6. Nc3 Qb6
7. O-O Bb7 8. e3 Be7 9. Qe2 Ne4 10. Nxe4 Bxe4 11. Bb2 O-O
12. Rfd1 bxc4 13. Qxc4 Qb7 14. Qe2 c4 15. Bc3 Bd3 16. Qe1 Be4
17. Qe2 Bd3 18. Qe1 Be4 19. Qe2 Bd3 1/2-1/2

[Event "17th European Team Championship (Women)"]
[Site "Novi Sad SRB"]
[Date "2009.10.27"]
[EventDate "2009.10.22"]
[Round "6"]
[Result "0-1"]
[White "Silvia (Aleksieva) Collas"]
[Black "Lilit Galojan"]
[WhiteElo "2319"]
[BlackElo "2326"]
[PlyCount "82"]

1. d4 Nf6 2. c4 e6 3. Nf3 b6 4. g3 Ba6 5. Qa4 c5 6. dxc5 bxc5
7. Bg2 Bb7 8. O-O Be7 9. Nc3 O-O 10. Bf4 Qb6 11. Rfd1 Rd8
12. Qc2 d6 13. e4 Nc6 14. Qe2 Ng4 15. Bg5 Bxg5 16. Nxg5 Nf6
17. f4 Nd4 18. Qd2 e5 19. f5 a5 20. Rac1 Bc6 21. Nd5 Bxd5
22. cxd5 Rdb8 23. Rb1 a4 24. a3 Ra5 25. Nf3 Nxe4 26. Qe3 Nf6
27. Nd2 Rb5 28. Nc4 Qd8 29. Rf1 Rb3 30. Qd2 h6 31. Na5 R3b5
32. Nc6 Nxc6 33. dxc6 d5 34. Rfd1 e4 35. Qf4 Rc8 36. Qe5 c4
37. Rbc1 Qc7 38. Qc3 Qxc6 39. Rc2 Qb6+ 40. Kh1 Rb3 41. Qd2 Rb8
0-1

[Event "17th European Team Championship (Women)"]
[Site "Novi Sad SRB"]
[Date "2009.10.28"]
[EventDate "2009.10.22"]
[Round "7"]
[Result "1-0"]
[White "Lilit Galojan"]
[Black "Carmen Voicu-Jagodzinsky"]
[WhiteElo "2326"]
[BlackElo "2285"]
[PlyCount "125"]

1. d4 Nf6 2. Nf3 c5 3. d5 e6 4. Nc3 d6 5. e4 e5 6. Nd2 Be7
7. Bb5+ Nbd7 8. a4 O-O 9. O-O Ne8 10. Bd3 g6 11. Nc4 Nb6
12. Ne3 Bd7 13. a5 Nc8 14. Ra3 Ng7 15. Ne2 f5 16. f4 b5
17. axb6 Nxb6 18. fxe5 dxe5 19. d6 Bxd6 20. Bc4+ Nxc4 21. Nxc4
Bc7 22. Rd3 Rf7 23. Rd5 Qe8 24. Rxc5 Bc6 25. Nd6 Bxd6 26. Qxd6
Bxe4 27. Rxe5 Qb8 28. Qxb8+ Rxb8 29. Nd4 Rd7 30. c3 Re8
31. Bf4 Rb7 32. b4 Rc8 33. Rc5 Re8 34. Ra1 Bd3 35. Rc7 Rxc7
36. Bxc7 a6 37. Rd1 Bc4 38. Nf3 Ne6 39. Be5 g5 40. Rd6 g4
41. Nd2 Be2 42. Kf2 Bd1 43. Rxa6 Nf8 44. Bf4 Ng6 45. Bg5 Re2+
46. Kf1 f4 47. Rd6 Re3 48. c4 Be2+ 49. Kf2 Bd3 50. Bxf4 Re2+
51. Kg3 Nxf4 52. Kxf4 Rxd2 53. b5 Rd1 54. b6 Rf1+ 55. Ke3 Bxc4
56. Rd8+ Kg7 57. b7 Rb1 58. b8=Q Rxb8 59. Rxb8 Bd5 60. Rb2 Kf6
61. Kf4 h5 62. Rb6+ Kf7 63. g3 1-0